000 00639nam a2200205Ia 4500
003 GCL
008 140319s9999 xx 000 0 ara d
040 _aGCL /
_cGCL
082 0 4 _a843.03
_bز ف
100 1 _aزفايج، ستيفان
245 1 0 _aفوضى المشاعر /
_cزفايج، ستيفان
700 1 _aقصى اتاسى
700 1 _aميشيل واكيم
300 _a207 ص
490 _aالهيئة العامة للاستعلامات
_v0
650 0 4 _aالقصص الفرنسية
650 0 4 _aالادب الفرنسى المترجم
650 0 4 _aالادب العالمى المترجم
942 _2ddc
_cBK
999 _c47647
_d47647